LIBRARY & INFORMATION CENTRE, KCAET, TAVANUR

ONLINE PUBLIC ACCESS CATALOGUE (OPAC)

Communism Kettipadukkunnavarude Koode / (Record no. 533)

MARC details
000 -LEADER
fixed length control field 00483cam a2200181ua 4500
041 ## - LANGUAGE CODE
Language code of text/sound track or separate title mal
082 ## - DEWEY DECIMAL CLASSIFICATION NUMBER
Classification number 894.812 803 55
Item number EMS/CO
100 ## - MAIN ENTRY--AUTHOR NAME
Personal name EMS , Namboodiripad .
245 ## - TITLE STATEMENT
Title Communism Kettipadukkunnavarude Koode /
260 ## - PUBLICATION, DISTRIBUTION, ETC. (IMPRINT)
Place of publication Eranakulam :
Name of publisher Thilakam Publications ,
Year of publication 1960.
300 ## - PHYSICAL DESCRIPTION
Number of Pages 131 ; .
650 ## - SUBJECT ADDED ENTRY--TOPICAL TERM
Topical Term Travelogue
942 ## - ADDED ENTRY ELEMENTS (KOHA)
Koha item type Books
Holdings
Withdrawn status Lost status Damaged status Home library Current library Date acquired Full call number Accession Number Koha item type
Withdrawn     KAUAET Malayalam University 07/04/2012 894.812 803 55 9387 Books
free website counter